solubilty - Statistics

General Stats
  • This quiz has been taken 14 times
  • The average score is 24 of 40
Answer Stats
% Correct
Sr2+ C2O2-4 I
100%
Al3+ PO3-4 I
100%
Ga3+ OH- I
100%
Mn2+ O2- I
100%
Mn2+ S2- I
100%
Mn2+ CO2-3 I
100%
Fe2+ PO3-4 I
100%
Co2+ OH- I
100%
Ni2+ CO2-3 I
100%
Ni2+ CN- I
100%
Cu2+ SCN- I
100%
Zn2+ OH- I
100%
Zn2+ PO3-4 I
100%
Zn2+ C2O2-4 I
100%
Cd2+ O2- I
100%
Cd2+ OH- I
100%
Cd2+ PO3-4 I
100%
Cd2+ C2O2-4 I
100%
Hg2+ OH- I
100%
Hg2+ CO2-3 I
100%
V3+ O2- I
100%
Cr3+ OH- I
100%
Cr3+ CO2-3 I
100%
Fe3+ O2- I
100%
Sn2+ OH- I
100%
Pb2+ SO2-4 I
100%
Pb2+ CO2-3 I
100%
Ag+ Br- I
100%
Ag+ O2- I
100%
Ag+ CN- I
100%
Hg2+ Br- I
100%
Hg2+ O2- I
100%
NH4+ S2- R
100%
Li+ S2- R
100%
Rb+ O2- R
100%
Rb+ S2- R
100%
Be2+ CN- R
100%
Al3+ CN- R
100%
Ga3+ CN- R
100%
Au3+ F- R
100%
Sn2+ C2H3O-2 R
100%
Hg2+ F- R
100%
H+ ClO-4 S
100%
H+ C2H3O-2 S
100%
NH4+ F- S
100%
NH4+ Br- S
100%
NH4+ I- S
100%
NH4+ NO-3 S
100%
NH4+ CO2-3 S
100%
Li+ I- S
100%
Li+ ClO-4 S
100%
Na+ SO2-4 S
100%
Na+ NO-3 S
100%
Na+ PO3-4 S
100%
Na+ CO2-3 S
100%
K+ F- S
100%
K+ C2H3O-2 S
100%
Rb+ F- S
100%
Rb+ SO2-4 S
100%
Rb+ CN- S
100%
Cs+ F- S
100%
Cs+ I- S
100%
Cs+ OH- S
100%
Cs+ PO3-4 S
100%
Be2+ SO2-4 S
100%
Be2+ SCN- S
100%
Be2+ C2O2-4 S
100%
Mg2+ SO2-4 S
100%
Ba2+ Cl- S
100%
Ba2+ Br- S
100%
Ba2+ SCN- S
100%
Al3+ SO2-4 S
100%
Al3+ SCN- S
100%
Ga3+ C2H3O-2 S
100%
Mn2+ ClO-4 S
100%
Mn2+ SCN- S
100%
Mn2+ C2H3O-2 S
100%
Fe2+ I- S
100%
Fe2+ SCN- S
100%
Co2+ NO-3 S
100%
Co2+ SCN- S
100%
Ni2+ Cl- S
100%
Ni2+ Br- S
100%
Ni2+ I- S
100%
Ni2+ NO-3 S
100%
Zn2+ SCN- S
100%
Cd2+ Cl- S
100%
Cd2+ NO-3 S
100%
Cr3+ Cl- S
100%
Cr3+ I- S
100%
Fe3+ Cl- S
100%
Fe3+ Br- S
100%
Fe3+ SCN- S
100%
Sn2+ ClO-4 S
100%
Pb2+ ClO-4 S
100%
Pb2+ C2H3O-2 S
100%
Hg2+ NO-3 S
100%
Hg2+ C2H3O-2 S
100%
H+ S2- sS
100%
Li+ CO2-3 sS
100%
Ca2+ OH- sS
100%
Ba2+ F- sS
100%
Mn2+ F- sS
100%
Fe2+ C2O2-4 sS
100%
Co2+ F- sS
100%
Be2+ NO-3 S
67%
Ba2+ OH- S
67%
Ni2+ SO2-4 S
67%
Sn2+ Br- S
67%
Mg2+ C2O2-4 sS
67%
Be2+ OH- I
50%
Ca2+ CO2-3 I
50%
Al3+ OH- I
50%
Mn2+ PO3-4 I
50%
Fe2+ OH- I
50%
Co2+ S2- I
50%
Cu2+ OH- I
50%
Cu2+ CN- I
50%
Cr3+ O2- I
50%
Sn2+ O2- I
50%
Ag+ OH- I
50%
Ag+ S2- I
50%
Ag+ PO3-4 I
50%
Hg2+ I- I
50%
Li+ O2- R
50%
Al3+ S2- R
50%
Ga3+ S2- R
50%
Fe3+ CO2-3 R
50%
H+ I- S
50%
NH4+ CN- S
50%
Na+ F- S
50%
Rb+ C2O2-4 S
50%
Ca2+ NO-3 S
50%
Sr2+ I- S
50%
Sr2+ SCN- S
50%
Sr2+ C2H3O-2 S
50%
Ba2+ I- S
50%
Ba2+ CN- S
50%
Ga3+ NO-3 S
50%
Zn2+ I- S
50%
V3+ Cl- S
50%
Ag+ NO-3 S
50%
Al3+ F- sS
50%
Ag+ C2H3O-2 sS
50%
Cu2+ PO3-4 I
33%
Au3+ CO2-3 I
33%
Ca2+ SO2-4 sS
33%
Be2+ O2- I
0%
Be2+ PO3-4 I
0%
Mg2+ OH- I
0%
Mg2+ PO3-4 I
0%
Ca2+ F- I
0%
Ca2+ PO3-4 I
0%
Sr2+ CO2-3 I
0%
Ba2+ SO2-4 I
0%
Ba2+ PO3-4 I
0%
Ba2+ C2O2-4 I
0%
Al3+ O2- I
0%
Al3+ C2O2-4 I
0%
Ga3+ F- I
0%
Ga3+ O2- I
0%
Ga3+ PO3-4 I
0%
Mn2+ OH- I
0%
Mn2+ C2O2-4 I
0%
Fe2+ O2- I
0%
Fe2+ S2- I
0%
Fe2+ CO2-3 I
0%
Co2+ O2- I
0%
Co2+ PO3-4 I
0%
Co2+ CO2-3 I
0%
Co2+ CN- I
0%
Co2+ C2O2-4 I
0%
Ni2+ O2- I
0%
Ni2+ OH- I
0%
Ni2+ S2- I
0%
Ni2+ PO3-4 I
0%
Ni2+ C2O2-4 I
0%
Cu2+ O2- I
0%
Cu2+ S2- I
0%
Cu2+ CO2-3 I
0%
Cu2+ C2O2-4 I
0%
Zn2+ O2- I
0%
Zn2+ S2- I
0%
Zn2+ CO2-3 I
0%
Zn2+ CN- I
0%
Cd2+ S2- I
0%
Cd2+ CO2-3 I
0%
Hg2+ I- I
0%
Hg2+ O2- I
0%
Hg2+ S2- I
0%
Hg2+ PO3-4 I
0%
V3+ F- I
0%
V3+ OH- I
0%
V3+ S2- I
0%
V3+ PO3-4 I
0%
Cr3+ S2- I
0%
Cr3+ PO3-4 I
0%
Fe3+ OH- I
0%
Fe3+ S2- I
0%
Au3+ O2- I
0%
Au3+ OH- I
0%
Au3+ S2- I
0%
Au3+ PO3-4 I
0%
Sn2+ S2- I
0%
Sn2+ PO3-4 I
0%
Sn2+ CO2-3 I
0%
Sn2+ SCN- I
0%
Pb2+ O2- I
0%
Pb2+ S2- I
0%
Pb2+ PO3-4 I
0%
Pb2+ C2O2-4 I
0%
Ag+ Cl- I
0%
Ag+ I- I
0%
Ag+ CO2-3 I
0%
Ag+ SCN- I
0%
Ag+ C2O2-4 I
0%
Hg2+ Cl- I
0%
Hg2+ CO2-3 I
0%
Hg2+ CN- I
0%
Na+ O2- R
0%
Na+ S2- R
0%
K+ O2- R
0%
K+ S2- R
0%
Cs+ O2- R
0%
Cs+ S2- R
0%
Be2+ I- R
0%
Be2+ S2- R
0%
Mg2+ O2- R
0%
Mg2+ S2- R
0%
Mg2+ CN- R
0%
Ca2+ O2- R
0%
Ca2+ S2- R
0%
Ca2+ CN- R
0%
Sr2+ O2- R
0%
Sr2+ S2- R
0%
Ba2+ O2- R
0%
Ba2+ S2- R
0%
Al3+ CO2-3 R
0%
Ga3+ I- R
0%
Ga3+ CO2-3 R
0%
Hg2+ F- R
0%
Hg2+ SO2-4 R
0%
Fe3+ I- R
0%
H+ F- S
0%
H+ Cl- S
0%
H+ Br- S
0%
H+ SO2-4 S
0%
H+ NO-3 S
0%
H+ PO3-4 S
0%
H+ CO2-3 S
0%
H+ CN- S
0%
H+ SCN- S
0%
H+ C2O2-4 S
0%
NH4+ Cl- S
0%
NH4+ ClO-4 S
0%
NH4+ O2- S
0%
NH4+ OH- S
0%
NH4+ SO2-4 S
0%
NH4+ PO3-4 S
0%
NH4+ SCN- S
0%
NH4+ C2H3O-2 S
0%
NH4+ C2O2-4 S
0%
Li+ Cl- S
0%
Li+ Br- S
0%
Li+ OH- S
0%
Li+ SO2-4 S
0%
Li+ NO-3 S
0%
Li+ CN- S
0%
Li+ SCN- S
0%
Li+ C2H3O-2 S
0%
Li+ C2O2-4 S
0%
Na+ Cl- S
0%
Na+ Br- S
0%
Na+ I- S
0%
Na+ ClO-4 S
0%
Na+ OH- S
0%
Na+ CN- S
0%
Na+ SCN- S
0%
Na+ C2H3O-2 S
0%
Na+ C2O2-4 S
0%
K+ Cl- S
0%
K+ Br- S
0%
K+ I- S
0%
K+ OH- S
0%
K+ SO2-4 S
0%
K+ NO-3 S
0%
K+ PO3-4 S
0%
K+ CO2-3 S
0%
K+ CN- S
0%
K+ SCN- S
0%
K+ C2O2-4 S
0%
Rb+ Cl- S
0%
Rb+ Br- S
0%
Rb+ I- S
0%
Rb+ OH- S
0%
Rb+ NO-3 S
0%
Rb+ PO3-4 S
0%
Rb+ CO2-3 S
0%
Rb+ SCN- S
0%
Rb+ C2H3O-2 S
0%
Cs+ Cl- S
0%
Cs+ Br- S
0%
Cs+ SO2-4 S
0%
Cs+ NO-3 S
0%
Cs+ CO2-3 S
0%
Cs+ CN- S
0%
Cs+ SCN- S
0%
Cs+ C2H3O-2 S
0%
Cs+ C2O2-4 S
0%
Be2+ F- S
0%
Be2+ Cl- S
0%
Be2+ Br- S
0%
Be2+ ClO-4 S
0%
Be2+ C2H3O-2 S
0%
Mg2+ Cl- S
0%
Mg2+ Br- S
0%
Mg2+ I- S
0%
Mg2+ ClO-4 S
0%
Mg2+ NO-3 S
0%
Mg2+ SCN- S
0%
Mg2+ C2H3O-2 S
0%
Ca2+ Cl- S
0%
Ca2+ Br- S
0%
Ca2+ I- S
0%
Ca2+ ClO-4 S
0%
Ca2+ SCN- S
0%
Ca2+ C2H3O-2 S
0%
Sr2+ Cl- S
0%
Sr2+ Br- S
0%
Sr2+ ClO-4 S
0%
Sr2+ NO-3 S
0%
Sr2+ CN- S
0%
Ba2+ ClO-4 S
0%
Ba2+ NO-3 S
0%
Ba2+ C2H3O-2 S
0%
Al3+ Cl- S
0%
Al3+ Br- S
0%
Al3+ I- S
0%
Al3+ ClO-4 S
0%
Al3+ NO-3 S
0%
Al3+ C2H3O-2 S
0%
Ga3+ Cl- S
0%
Ga3+ Br- S
0%
Ga3+ ClO-4 S
0%
Ga3+ SCN- S
0%
Mn2+ Cl- S
0%
Mn2+ Br- S
0%
Mn2+ I- S
0%
Mn2+ SO2-4 S
0%
Mn2+ NO-3 S
0%
Mn2+ CN- S
0%
Fe2+ Cl- S
0%
Fe2+ Br- S
0%
Fe2+ ClO-4 S
0%
Fe2+ SO2-4 S
0%
Fe2+ NO-3 S
0%
Fe2+ CN- S
0%
Fe2+ C2H3O-2 S
0%
Co2+ Cl- S
0%
Co2+ Br- S
0%
Co2+ I- S
0%
Co2+ ClO-4 S
0%
Co2+ SO2-4 S
0%
Co2+ C2H3O-2 S
0%
Ni2+ F- S
0%
Ni2+ ClO-4 S
0%
Ni2+ SCN- S
0%
Ni2+ C2H3O-2 S
0%
Cu2+ Cl- S
0%
Cu2+ Br- S
0%
Cu2+ ClO-4 S
0%
Cu2+ SO2-4 S
0%
Cu2+ NO-3 S
0%
Cu2+ C2H3O-2 S
0%
Zn2+ Cl- S
0%
Zn2+ Br- S
0%
Zn2+ ClO-4 S
0%
Zn2+ SO2-4 S
0%
Zn2+ NO-3 S
0%
Zn2+ C2H3O-2 S
0%
Cd2+ F- S
0%
Cd2+ Br- S
0%
Cd2+ I- S
0%
Cd2+ ClO-4 S
0%
Cd2+ SO2-4 S
0%
Cd2+ C2H3O-2 S
0%
Hg2+ Cl- S
0%
Hg2+ ClO-4 S
0%
Hg2+ NO-3 S
0%
Hg2+ CN- S
0%
Hg2+ C2H3O-2 S
0%
V3+ Br- S
0%
V3+ I- S
0%
V3+ ClO-4 S
0%
V3+ NO-3 S
0%
V3+ SCN- S
0%
Cr3+ Br- S
0%
Cr3+ ClO-4 S
0%
Cr3+ SO2-4 S
0%
Cr3+ NO-3 S
0%
Cr3+ CN- S
0%
Cr3+ SCN- S
0%
Cr3+ C2H3O-2 S
0%
Fe3+ F- S
0%
Fe3+ ClO-4 S
0%
Fe3+ SO2-4 S
0%
Fe3+ NO-3 S
0%
Fe3+ CN- S
0%
Fe3+ C2H3O-2 S
0%
Au3+ Cl- S
0%
Au3+ CN- S
0%
Sn2+ F- S
0%
Sn2+ Cl- S
0%
Sn2+ I- S
0%
Sn2+ SO2-4 S
0%
Pb2+ NO-3 S
0%
Ag+ F- S
0%
Ag+ ClO-4 S
0%
Hg2+ ClO-4 S
0%
Li+ F- sS
0%
Li+ PO3-4 sS
0%
K+ ClO-4 sS
0%
Rb+ ClO-4 sS
0%
Cs+ ClO-4 sS
0%
Be2+ CO2-3 sS
0%
Mg2+ F- sS
0%
Mg2+ CO2-3 sS
0%
Ca2+ C2O2-4 sS
0%
Sr2+ F- sS
0%
Sr2+ OH- sS
0%
Sr2+ SO2-4 sS
0%
Sr2+ PO3-4 sS
0%
Ba2+ CO2-3 sS
0%
Ga3+ SO2-4 sS
0%
Fe2+ F- sS
0%
Cu2+ F- sS
0%
Zn2+ F- sS
0%
Cd2+ CN- sS
0%
Cd2+ SCN- sS
0%
Hg2+ Br- sS
0%
Hg2+ SCN- sS
0%
Hg2+ C2O2-4 sS
0%
V3+ SO2-4 sS
0%
Cr3+ F- sS
0%
Fe3+ PO3-4 sS
0%
Fe3+ C2O2-4 sS
0%
Au3+ Br- sS
0%
Au3+ C2H3O-2 sS
0%
Sn2+ C2O2-4 sS
0%
Pb2+ F- sS
0%
Pb2+ Cl- sS
0%
Pb2+ Br- sS
0%
Pb2+ I- sS
0%
Pb2+ OH- sS
0%
Pb2+ CN- sS
0%
Pb2+ SCN- sS
0%
Ag+ SO2-4 sS
0%
Hg2+ SO2-4 sS
0%
No matching quizzes found
Score Distribution
Percent of People with Each Score
Percentile by Number Answered
Your Score History
You have not taken this quiz